| 000 | 00379nam a2200133Ia 4500 | ||
|---|---|---|---|
| 008 | 200909s9999 xx 000 0 und d | ||
| 020 | _a978-621-04-0102-8 | ||
| 100 | _aCruz, Reil G. | ||
| 245 |
_cReil G. Cruz _aSustainable tourism/ |
||
| 260 |
_aQuezon City: _bREX Bookstore _c2019 |
||
| 300 |
_ax, 218 pages _c25 cm. |
||
| 650 | _aEcotourism | ||
| 650 | _aSustainable development | ||
| 999 |
_c364150 _d364150 |
||